000 01097nam a2200265Ia 4500
003 OSt
005 20200715005615.0
008 191128s1997 ck ad fr 000 0 spa d
020 _a9589057829
040 _aCO-JMCR
_cCO-JMCR
041 0 _aspa
082 0 4 _a338.51 /
_bB871c
_223
100 1 _aBurbano Perez, Antonio Jose,
_eautor
_97268
245 1 0 _aCostos y presupuestos :
_bconceptos fundamentales para la gerencia /
_cAntonio J. Burbano P.
250 _aprimera edición
260 _aBogotá :
_bUniandes,
_c1997
300 _a134 páginas :
_bgráficos a blanco y negro ;
_c23 cm.
490 0 _aFinanzas
504 _aBibliografía: páginas 133-134
505 0 _aConceptos básicos y terminología -- Utilización de los costos para la toma de decisiones -- Asignación de costos -- Empresas comerciales y de servicios -- Sistemas de costos basados en actividades (ABC) -- Presupuesto -- Técnicas para mejorar las decisiones
650 1 4 _aContabilidad de costos
_97269
650 1 4 _aContabilidad administrativa
_97270
650 1 4 _aToma de desiciones
_97271
942 _2ddc
_cBK
999 _c5848
_d5848